000
00320nam a22001457a 4500
003
SGT
082
_a
617.7
_b
M17K
100
_a
KHURANA, A. K.
245
_a
MSO SERIES ANATOMY AND PHYSIOLOGY OF EYE
250
_a
3RD
260
_a
INDIA
_b
CBS
_c
2017
300
_a
603
650
_a
OPHTHALMOLOGY
942
_2
ddc
_c
BK
999
_c
14635
_d
14635